000 00928nam a2200289 a 4500
008
020 _a1853839310 (pbk.)
049 _aMAIN
090 _aHD60
_bCOR
245 0 0 _aCorporate responsibility and labour rights :
_bcodes of conduct in the global economy /
_cedited by Rhys Jenkins, Ruth Pearson and Gill Seyfang.
260 _aLondon :
_bEarthscan,
_c2002.
300 _axvi, 232 p. ;
_c24 cm.
504 _aIncludes bibliographical references.
500 _aIncludes index.
650 0 _aSocial responsibility of business.
650 0 _aIndustries
_xSelf-regulation.
650 0 _aIndustrial relations.
650 0 _aEmployee rights.
700 1 _aJenkins, Rhys Owen.
700 1 _aPearson, Ruth.
700 1 _aSeyfang, Gill.
907 _a.b1008390x
_b29-03-12
_c22-07-03
003
005 20230123133348.0
040 _cNUST
942 _cBOOKS
_kHD60
_mCOR
999 _c147283
_d147283